000 00458nam a22001697a 4500
005 20240627113841.0
008 240627b |||||||| |||| 00| 0 eng d
020 _a9781119520153
082 _a006.686
_bPAD-P
100 _aObermeier,Barbara
245 _aPhotoshop elements 2019 for dummies /
_cTed Padova
260 _aUSA;
_bMGraw-Hill;
_c2019.
300 _a607 p. :
_bill;
_c24 cm.
500 _ainclude index.
650 _aNetworking
999 _c35984
_d35984